[Event "Mechanics' Fall TNM; 30/90, SD/30"]
[Site "San Francisco"]
[Date "2013.10.22"]
[Round "1.22"]
[White "Royzen, Igor"]
[Black "Cowgill, Jackie"]
[Result "1-0"]
[WhiteElo "1844"]
[BlackElo "983"]
[PlyCount "49"]
[EventDate "2013.??.??"]

1. d4 d5 2. Bf4 Bf5 3. e3 Nf6 4. c4 e6 5. Qb3 Bd6 6. Qxb7 Nbd7 7. Bxd6 cxd6 8.
Nc3 O-O 9. cxd5 e5 10. Nf3 Ne4 11. Bb5 Nxc3 12. bxc3 e4 13. Nd2 Nf6 14. Bc6 Qa5
15. Qb4 Qc7 16. Bxa8 Rxa8 17. O-O h6 18. Rab1 Nxd5 19. Qb7 Qxb7 20. Rxb7 Nxc3
21. a3 d5 22. Nb3 Bg4 23. Nc5 Be2 24. Re1 a5 25. Rb3 1-0

[Event "Mechanics' Summer TNM; 30/90, SD/30"]
[Site "San Francisco"]
[Date "2013.06.04"]
[Round "2.9"]
[White "Royzen, Igor"]
[Black "Doyle, Bryon"]
[Result "1-0"]
[WhiteElo "1844"]
[BlackElo "2052"]
[PlyCount "103"]
[EventDate "2013.??.??"]

1. e4 e5 2. Nf3 Nc6 3. Bb5 a6 4. Ba4 Nf6 5. d3 b5 6. Bb3 Be7 7. c3 O-O 8. Bd5
Nxd5 9. exd5 Nb8 10. Nxe5 Bb7 11. Qf3 Bd6 12. d4 Qe7 13. O-O Bxe5 14. dxe5 Qxe5
15. Bf4 Qxd5 16. Qxd5 Bxd5 17. Bxc7 Re8 18. Nd2 Nc6 19. a4 Rac8 20. Rfe1 h6 21.
axb5 Rxe1+ 22. Rxe1 Rxc7 23. bxc6 Rxc6 24. Re8+ Kh7 25. Rb8 Rd6 26. f3 Kg6 27.
Kf2 f5 28. Ke3 Bf7 29. Nb3 Bxb3 30. Rxb3 Kf6 31. Rb4 g5 32. Rd4 Re6+ 33. Kd2 d6
34. Rd5 g4 35. fxg4 fxg4 36. Ra5 Re5 37. Rxa6 Rd5+ 38. Ke3 Rd1 39. b4 Ke6 40.
c4 Kd7 41. Ra7+ Kc6 42. Rh7 Rb1 43. b5+ Kc5 44. Rc7+ Kb4 45. b6 Kc3 46. b7 h5
47. Ke4 h4 48. Kd5 Rb6 49. Ke4 g3 50. hxg3 hxg3 51. Kf3 Kd4 52. Kxg3 1-0

[Event "Mechanics' Neil Falconer TNM; 30/90, SD"]
[Site "San Francisco"]
[Date "2013.08.13"]
[Round "2.9"]
[White "Royzen, Igor"]
[Black "Grey, Peter"]
[Result "1/2-1/2"]
[WhiteElo "1807"]
[BlackElo "2000"]
[PlyCount "106"]
[EventDate "2013.??.??"]

1. e4 e5 2. Nf3 Nc6 3. Bb5 a6 4. Ba4 Nf6 5. O-O Nxe4 6. Re1 Nc5 7. Nxe5 Be7 8.
Bb3 Nxb3 9. axb3 O-O 10. Nc3 Nxe5 11. Rxe5 Bf6 12. Re1 d5 13. d3 Be6 14. Bf4
Qd7 15. Qf3 Rfe8 16. Qg3 Rac8 17. Be5 Bxe5 18. Rxe5 f6 19. Ree1 Bf7 20. f4
Rxe1+ 21. Rxe1 Re8 22. Rxe8+ Qxe8 23. Qf2 Qe7 24. g3 c5 25. Qe2 Qxe2 26. Nxe2
d4 27. b4 b6 28. Kf2 Bh5 29. bxc5 bxc5 30. Nc1 Bf7 31. Ke1 a5 32. Kd2 Kf8 33.
c3 dxc3+ 34. Kxc3 a4 35. d4 cxd4+ 36. Kxd4 Ke7 37. Nd3 Kd6 38. Nc5 Be8 39. Kc4
Bc6 40. Kb4 Kd5 41. Nxa4 Ke4 42. Nc5+ Kf3 43. Ne6 Kg2 44. Nxg7 Kxh2 45. Nh5 Bf3
46. Nxf6 h5 47. Nxh5 Bxh5 48. f5 Kxg3 49. Kc5 Kf4 50. f6 Kf5 51. f7 Bxf7 52. b4
Bh5 53. b5 Bf3 1/2-1/2

[Event "Mechanics' Spring TNM; 30/90, SD/30"]
[Site "San Francisco"]
[Date "2013.04.16"]
[Round "5.6"]
[White "Royzen, Igor"]
[Black "Ivanov, Aleksandr"]
[Result "0-1"]
[WhiteElo "1844"]
[BlackElo "2079"]
[PlyCount "38"]
[EventDate "2013.??.??"]

1. d4 d5 2. Bf4 Nf6 3. e3 Bf5 4. c4 e6 5. Qb3 b6 6. Nc3 Bd6 7. Bxd6 Qxd6 8. Nf3
O-O 9. cxd5 exd5 10. Be2 c6 11. O-O Nbd7 12. Rfd1 Rfe8 13. Rac1 h6 14. Qa4 a5
15. Ne5 Nxe5 16. dxe5 Rxe5 17. e4 Bxe4 18. Nxe4 Rxe4 19. Rxc6 Qe7 0-1

[Event "Mechanics' Spring TNM; 30/90, SD/30"]
[Site "San Francisco"]
[Date "2013.04.30"]
[Round "7.13"]
[White "Royzen, Igor"]
[Black "Jones, James"]
[Result "0-1"]
[WhiteElo "1844"]
[BlackElo "2000"]
[PlyCount "68"]
[EventDate "2013.??.??"]

1. g3 Nf6 2. Bg2 g6 3. c4 Bg7 4. Nf3 c5 5. Nc3 Nc6 6. O-O O-O 7. d4 d6 8. h3
Bd7 9. Be3 Qc8 10. Kh2 cxd4 11. Nxd4 Nxd4 12. Bxd4 Qxc4 13. Rc1 Ng4+ 14. hxg4
Qxd4 15. Qxd4 Bxd4 16. Nd5 e6 17. Rc7 Bb5 18. Ne7+ Kg7 19. Bxb7 Rab8 20. Bf3 d5
21. b3 Bb6 22. Rcc1 Kf6 23. Nc6 Rbc8 24. Nb4 Rxc1 25. Rxc1 Bxf2 26. a4 Bd7 27.
Rc7 Ke7 28. Nd3 Bb6 29. Rc2 Rc8 30. Rxc8 Bxc8 31. Kg2 Kd6 32. Kf1 e5 33. e4 f5
34. gxf5 gxf5 0-1

[Event "Mechanics' Spring TNM; 30/90, SD/30"]
[Site "San Francisco"]
[Date "2013.03.26"]
[Round "2.7"]
[White "Royzen, Igor"]
[Black "Niemann, Hans"]
[Result "1-0"]
[WhiteElo "1844"]
[BlackElo "2079"]
[PlyCount "41"]
[EventDate "2013.??.??"]

1. d4 Nf6 2. Bf4 g6 3. e3 Bg7 4. Nf3 d6 5. h3 Bf5 6. c4 Nbd7 7. Nc3 c5 8. g4
Be4 9. Bg2 Qb6 10. O-O Qxb2 11. Nxe4 Nxe4 12. Rb1 Qxa2 13. Qd3 Nef6 14. Rxb7
cxd4 15. exd4 Nb6 16. Bxd6 Qxc4 17. Rxe7+ Kd8 18. Qa3 Nbd5 19. Ne5 Qb5 20.
Nxf7+ Kc8 21. Rc1+ 1-0

[Event "Mechanics' Fall TNM; 30/90, SD/30"]
[Site "San Francisco"]
[Date "2013.11.05"]
[Round "3.18"]
[White "Royzen, Igor"]
[Black "Olson, David"]
[Result "1-0"]
[WhiteElo "1844"]
[BlackElo "1447"]
[PlyCount "69"]
[EventDate "2013.??.??"]

1. d4 Nf6 2. Bf4 d5 3. e3 Bf5 4. c4 e6 5. Qb3 b6 6. Nc3 c5 7. cxd5 cxd4 8. Bb5+
Nbd7 9. exd4 exd5 10. Nf3 Be7 11. O-O O-O 12. Nxd5 Be6 13. Nxe7+ Qxe7 14. Bc4
Bxc4 15. Qxc4 Rfc8 16. Qa4 Nd5 17. Rfe1 Qd8 18. Bg5 f6 19. Qb3 Nf8 {Diagram #}
20. Re5 $1 fxg5 21. Rxd5 Qc7 22. Rc5+ Qf7 23. Rxc8 Rxc8 24. Qxf7+ Kxf7 25.
Nxg5+ Kf6 26. Ne4+ Ke6 27. Nc3 Nd7 28. Re1+ Kf7 29. f3 a6 30. Kf2 b5 31. Re2
Nb6 32. Ne4 Rd8 33. Ng5+ Kf6 34. h4 Rd6 35. Ne4+ 1-0

[Event "Mechanics' Summer TNM; 30/90, SD/30"]
[Site "San Francisco"]
[Date "2013.06.11"]
[Round "3.5"]
[White "Royzen, Igor"]
[Black "Ortega, Bill"]
[Result "0-1"]
[WhiteElo "1844"]
[BlackElo "2070"]
[PlyCount "52"]
[EventDate "2013.??.??"]

1. e4 d5 2. exd5 Nf6 3. Be2 Nxd5 4. d4 Nc6 5. Nf3 Bg4 6. c4 Nb6 7. Be3 e6 8.
Nc3 Be7 9. O-O O-O 10. Qd2 Bxf3 11. gxf3 Bf6 12. Rad1 Qe7 13. Ne4 Rfd8 14.
Nxf6+ Qxf6 15. Bg5 Qg6 16. Bd3 f5 17. Kh1 Rxd4 18. Qe3 h6 19. Bf4 Qf7 20. Rg1
Kh8 21. Bxh6 g6 22. Bf4 Rad8 23. Rg3 Kg7 24. Bh6+ Kg8 25. Qg5 Ne7 26. Rh3 Rxd3
0-1

[Event "Mechanics' Fall TNM; 30/90, SD/30"]
[Site "San Francisco"]
[Date "2013.11.26"]
[Round "6.8"]
[White "Royzen, Igor"]
[Black "Sarafian, Greg"]
[Result "1/2-1/2"]
[WhiteElo "1844"]
[BlackElo "1827"]
[Annotator "Winslow,Elliott C"]
[PlyCount "104"]
[EventDate "2013.??.??"]

1. d4 d5 2. Bf4 Nf6 3. e3 c5 4. c3 Nc6 5. Nf3 Qb6 6. Qb3 c4 7. Qc2 Bf5 8. Qc1
Nh5 9. Bg3 f6 10. Be2 e5 11. Nh4 Nxg3 12. hxg3 Bd3 13. Bxd3 cxd3 14. Ng6 Rg8
15. Nxf8 Rxf8 16. Rxh7 O-O-O (16... Kf7) 17. Nd2 Rh8 18. Rh3 Rxh3 19. gxh3 Rh8
20. Qd1 Qc7 21. Qg4+ Kb8 (21... Qd7) 22. O-O-O Qf7 23. h4 f5 24. Qf3 e4 25.
Qf4+ Ka8 26. Nb3 b6 27. Qd6 (27. f3) 27... Kb7 28. Qf4 Rd8 29. g4 g6 30. gxf5
gxf5 31. Rg1 Rg8 32. Rg5 Rxg5 33. Qxg5 $1 $18 Ne7 34. Nd2 a5 35. Nf1 b5 36. Ng3
b4 37. h5 bxc3 38. bxc3 Qe8 39. Nxf5 {
Against everything else Black has 39... Qa4 as well...} d2+ $2 (39... Qa4 $1
40. Qxe7+ Ka8 $11) 40. Kxd2 $18 Nxf5 41. Qxf5 Qb5 42. Qf7+ Kb8 43. Qf8+ (43.
Kc2 Qe2+ 44. Kb3 Qb5+ 45. Ka3) 43... Kb7 44. Qe7+ Kb8 45. Qd6+ Kb7 46. Qa3 $2 (
46. Kc2 Qe2+ 47. Kb3 Qd1+ 48. Ka3 Qc1+ 49. Ka4 Qc2+ 50. Kb5 Qe2+ 51. Kxa5 Qxa2+
52. Kb5 Qc4+ 53. Ka5 $11) (46. Kc1 $1 $18) 46... Qd3+ 47. Kc1 Qf1+ 48. Kb2 Qe2+
49. Kb1 Qd3+ 50. Kc1 Qf1+ 51. Kc2 Qd3+ 52. Kb2 Qd2+ 1/2-1/2

[Event "Mechanics' Summer TNM; 30/90, SD/30"]
[Site "San Francisco"]
[Date "2013.07.02"]
[Round "6.16"]
[White "Royzen, Igor"]
[Black "Sepulveda, Ben"]
[Result "1/2-1/2"]
[WhiteElo "1844"]
[BlackElo "1640"]
[Annotator "Donaldson"]
[PlyCount "62"]
[EventDate "2013.??.??"]

1. g3 d5 2. Nf3 c6 3. d4 e6 4. c4 Nd7 5. Qc2 Ngf6 6. Nbd2 Bb4 7. Bg2 O-O 8. O-O
Re8 9. b3 Bf8 10. Bb2 g6 11. e4 dxe4 12. Nxe4 Nxe4 13. Qxe4 Nf6 14. Qc2 Bg7 15.
Rad1 Qc7 16. Rfe1 b6 17. Ne5 Bb7 18. Bc1 Qc8 19. Qe2 Rb8 20. Bf4 Nh5 21. Bc1
Nf6 22. g4 Nd7 23. Bf4 Nxe5 24. Bxe5 Bxe5 25. dxe5 c5 26. Rd6 Bxg2 27. Kxg2
Qb7+ 28. Qf3 Qxf3+ 29. Kxf3 Rb7 30. Red1 h6 31. Ke4 Kg7 {A surprising decision
by White, as he has no losing chances and complete command of the d-file, not
to mention the more active king.} 1/2-1/2

[Event "Mechanics' Neil Falconer TNM; 30/90, SD"]
[Site "San Francisco"]
[Date "2013.09.24"]
[Round "8.11"]
[White "Royzen, Igor"]
[Black "Todortsev, Victor"]
[Result "1-0"]
[WhiteElo "1807"]
[BlackElo "1932"]
[PlyCount "97"]
[EventDate "2013.??.??"]

1. d4 d5 2. Bf4 Nf6 3. e3 e6 4. Nd2 c5 5. c3 Nc6 6. Bd3 Bd6 7. Bxd6 Qxd6 8. f4
O-O 9. Ngf3 Ng4 $4 10. Bxh7+ Kh8 11. Ne5 Ncxe5 12. fxe5 Qe7 13. Qxg4 Kxh7 14.
Qh5+ Kg8 15. O-O f5 16. Rf3 Qf7 17. Qh4 Qg6 18. Rg3 Qh7 19. Qf4 Kf7 20. Nf3 Qh6
21. Ng5+ Ke8 22. Rh3 Qg6 23. Rf1 Bd7 24. Rff3 Rg8 25. Rfg3 Kd8 26. Ne4 Qf7 27.
Nd6 Qe7 28. Rg5 cxd4 29. exd4 Kc7 30. Rh7 Qf8 31. Qg3 Rd8 32. Rgxg7 f4 33. Qg4
Rxg7 34. Qxg7 f3 35. Qxf8 Rxf8 36. g3 Kc6 37. Kf2 a5 38. h4 b5 39. h5 b4 40. h6
bxc3 41. bxc3 Rb8 42. Rg7 Rb2+ 43. Kxf3 Rxa2 44. h7 Rh2 45. Nf7 a4 46. h8=Q
Rxh8 47. Nxh8 a3 48. Rh7 Kb5 49. Rxd7 1-0

[Event "Mechanics' Fall TNM; 30/90, SD/30"]
[Site "San Francisco"]
[Date "2013.11.19"]
[Round "5.9"]
[White "Royzen, Igor"]
[Black "Traub, Igor"]
[Result "1-0"]
[WhiteElo "1844"]
[BlackElo "2125"]
[PlyCount "71"]
[EventDate "2013.??.??"]

1. d4 d5 2. Bf4 Nf6 3. e3 c5 4. c3 Nc6 5. Nf3 Qb6 6. Qb3 c4 7. Qc2 Bf5 8. Qc1
e6 9. Nbd2 Be7 10. Be2 Qd8 11. h3 h6 12. O-O O-O 13. Bd1 b5 14. Bc2 Bxc2 15.
Qxc2 Qd7 16. e4 a5 17. Rfe1 b4 18. Qa4 Rfe8 19. Kf1 g5 20. Bh2 Nxe4 21. Nxe4
dxe4 22. Rxe4 f5 23. Re2 f4 24. Rae1 Bf6 25. Qb5 Ne5 26. Rxe5 Qh7 27. R5e4 Rec8
28. Ne5 bxc3 29. bxc3 Rab8 30. Qd7 Bxe5 31. Qxe6+ Qf7 32. Qxe5 a4 33. Qd6 Qf8
34. Re7 Qf5 35. Qxh6 Qd3+ 36. Kg1 1-0

[Event "Mechanics' Spring TNM; 30/90, SD/30"]
[Site "San Francisco"]
[Date "2013.04.02"]
[Round "3.5"]
[White "Royzen, Igor"]
[Black "Watson, Farid Mark"]
[Result "0-1"]
[WhiteElo "1844"]
[BlackElo "2033"]
[PlyCount "78"]
[EventDate "2013.??.??"]

1. d4 Nf6 2. Bf4 e6 3. e3 c5 4. c3 b6 5. Nd2 Bb7 6. Ngf3 Be7 7. h3 O-O 8. Bd3
cxd4 9. exd4 d6 10. O-O Nbd7 11. Qe2 a6 12. Ng5 Re8 13. Nge4 Nxe4 14. Nxe4 Nf6
15. Nxf6+ Bxf6 16. Rad1 Qd7 17. Rfe1 b5 18. Be4 Bxe4 19. Qxe4 g6 20. Qf3 Bg7
21. Qg3 Red8 22. Qf3 a5 23. Bg5 Rdc8 24. a3 Rab8 25. Rc1 b4 26. axb4 axb4 27.
Ra1 bxc3 28. bxc3 h6 29. Bf4 Rb3 30. Rec1 g5 31. Be3 Rbxc3 32. Rxc3 Rxc3 33.
Qa8+ Rc8 34. Qa6 d5 35. Rb1 Qc6 36. Rb6 Qc4 37. Qb7 Qc7 38. Qa6 Rb8 39. Rc6
Rb1+ 0-1

[Event "Mechanics' Neil Falconer TNM; 30/90, SD"]
[Site "San Francisco"]
[Date "2013.08.20"]
[Round "3.8"]
[White "Royzen, Igor"]
[Black "Zhao, Audrey"]
[Result "1-0"]
[WhiteElo "1807"]
[BlackElo "1752"]
[PlyCount "93"]
[EventDate "2013.??.??"]

1. d4 d5 2. Bf4 Nf6 3. e3 Bf5 4. c4 c6 5. Nc3 e6 6. Qb3 b6 7. Nf3 Bd6 8. Bxd6
Qxd6 9. cxd5 exd5 10. Be2 Nbd7 11. O-O O-O 12. Rac1 b5 13. Rfd1 a6 14. Bd3 Bxd3
15. Rxd3 Rac8 16. Rdd1 Rfd8 17. Ne2 Ne4 18. Nf4 Nf8 19. Nd2 Nxd2 20. Rxd2 Ne6
21. Nxe6 fxe6 22. Rdc2 Rc7 23. Rc5 Rdc8 24. Qa3 Qd7 25. Qa5 Rb7 26. a3 Ra7 27.
Qb6 Rcc7 28. Rxc6 Rxc6 29. Rxc6 Kf7 30. g3 h6 31. Rxe6 Qxe6 32. Qxa7+ Kg6 33.
Qc7 Qe4 34. Qc1 Kh7 35. Qd2 g5 36. h3 h5 37. Qc1 Qe6 38. Qc7+ Kh6 39. Qe5 Qc6
40. Kg2 Kg6 41. g4 h4 42. Qf5+ Kh6 43. Qf8+ Kg6 44. Qg8+ Kf6 45. Qh8+ Ke7 46.
Qg7+ Ke8 47. Qxg5 1-0

[Event "Mechanics' Spring TNM; 30/90, SD/30"]
[Site "San Francisco"]
[Date "2013.03.26"]
[Round "2.31"]
[White "Rubandhas, Samprabhu"]
[Black "Campers, Willie"]
[Result "0-1"]
[WhiteElo "1333"]
[BlackElo "1661"]
[PlyCount "64"]
[EventDate "2013.??.??"]

1. e4 e6 2. d4 d5 3. Nd2 Be7 4. e5 Nh6 5. Ngf3 Nf5 6. c3 c5 7. Bb5+ Bd7 8. Bd3
Nc6 9. Bxf5 exf5 10. O-O O-O 11. Re1 Rc8 12. Nf1 cxd4 13. cxd4 Nb4 14. Re2 Bb5
15. Rd2 Qa5 16. b3 Rc7 17. a4 Rfc8 18. Bb2 Ba6 19. Ng3 g6 20. Ba3 Bf8 21. Ne2
Bh6 22. Bxb4 Qxb4 23. Rb2 Bxe2 24. Rxe2 Rc1 25. Re1 Rxd1 26. Raxd1 Rc2 27. h4
Qxb3 28. Rb1 Qa2 29. Rf1 b6 30. Ng5 Bxg5 31. hxg5 Qxa4 32. Ra1 Ra2 0-1

[Event "Mechanics' Spring TNM; 30/90, SD/30"]
[Site "San Francisco"]
[Date "2013.04.09"]
[Round "4.36"]
[White "Rubandhas, Samprabhu"]
[Black "Filho, Murilo"]
[Result "1/2-1/2"]
[WhiteElo "1333"]
[BlackElo "1716"]
[PlyCount "92"]
[EventDate "2013.??.??"]

1. e4 c5 2. Nc3 d6 3. f4 e5 4. Nf3 Nf6 5. Bc4 Be7 6. O-O O-O 7. d3 Nc6 8. Nd5
Na5 9. b3 Nxc4 10. bxc4 Nxd5 11. cxd5 Bf6 12. f5 b5 13. Qe1 b4 14. Qg3 Kh8 15.
Bg5 a5 16. a4 Ba6 17. Bxf6 Qxf6 18. Nd2 Rac8 19. Nc4 Bxc4 20. dxc4 Qh6 21. Rad1
Rb8 22. Qf3 Qf6 23. Rd3 g6 24. fxg6 Qxf3 25. g7+ Kxg7 26. Rdxf3 Rb7 27. Rg3+
Kh8 28. Rf6 Rd7 29. Rh3 Rg8 30. Rfh6 Rg7 31. Kf2 Rd8 32. g4 Kg8 33. Rg3 Rg6 34.
Rhh3 Kg7 35. g5 Rf8 36. Ke3 f6 37. gxf6+ Rfxf6 38. Rxg6+ Rxg6 39. Rg3 Rxg3+ 40.
hxg3 h5 41. Kf3 Kg6 42. Kg2 Kg5 43. Kh3 Kg6 44. Kh4 Kh6 45. g4 hxg4 46. Kxg4
Kg6 1/2-1/2

[Event "Mechanics' Summer TNM; 30/90, SD/30"]
[Site "San Francisco"]
[Date "2013.06.04"]
[Round "2.31"]
[White "Rubandhas, Samprabhu"]
[Black "MacIntyre, Brendan"]
[Result "0-1"]
[WhiteElo "1333"]
[BlackElo "1655"]
[PlyCount "66"]
[EventDate "2013.??.??"]

1. e4 c5 2. Nc3 Nc6 3. f4 d6 4. Bc4 Nf6 5. d3 e6 6. Bb3 Bd7 7. Nf3 Be7 8. O-O
O-O 9. Qe1 Na5 10. Qg3 Nxb3 11. axb3 b5 12. f5 exf5 13. Bh6 g6 14. Bxf8 Qxf8
15. Nd5 Nxd5 16. exd5 Bf6 17. c3 b4 18. d4 cxd4 19. Nxd4 Bxd4+ 20. cxd4 Qb8 21.
Ra6 Bb5 22. Rxd6 Bxf1 23. Kxf1 Qb5+ 24. Kf2 Re8 25. Qf3 f4 26. Rc6 Re3 27. Qd1
Qxd5 28. Rc5 Qd6 29. Qc2 Qxd4 30. Kf1 f3 31. Rc4 fxg2+ 32. Kxg2 Qd5+ 33. Kf1
Qh1+ 0-1

[Event "Mechanics' Summer TNM; 30/90, SD/30"]
[Site "San Francisco"]
[Date "2013.07.16"]
[Round "8.31"]
[White "Rubandhas, Samprabhu"]
[Black "Morgan, Jerry"]
[Result "0-1"]
[WhiteElo "1333"]
[BlackElo "1575"]
[PlyCount "52"]
[EventDate "2013.??.??"]

1. e4 c6 2. d4 d5 3. Nc3 dxe4 4. Nxe4 Bf5 5. Ng3 Bg6 6. Bd3 Qxd4 7. Nf3 Qd5 8.
O-O Bxd3 9. cxd3 Nd7 10. Bf4 Ngf6 11. Re1 O-O-O 12. Qa4 Qc5 13. Rac1 Qb6 14.
Ne5 Nxe5 15. Rxe5 Rd5 16. Be3 Qc7 17. Rxd5 Nxd5 18. Qxa7 Qb8 19. Qxb8+ Kxb8 20.
Bd4 f6 21. a3 e5 22. Bc3 Bc5 23. b4 Ba7 24. Ne4 Nf4 25. Rd1 Rd8 26. Nc5 Ne2+
0-1

[Event "Mechanics' Summer TNM; 30/90, SD/30"]
[Site "San Francisco"]
[Date "2013.07.02"]
[Round "6.28"]
[White "Rubandhas, Samprabhu"]
[Black "Starr, Albert"]
[Result "0-1"]
[WhiteElo "1333"]
[BlackElo "1627"]
[Annotator "Donaldson"]
[PlyCount "76"]
[EventDate "2013.??.??"]

1. e4 e6 2. Nc3 a6 3. d4 c5 4. Nf3 b5 5. e5 Bb7 6. Bf4 cxd4 7. Nxd4 Bc5 8. Nce2
Ne7 9. Qd2 O-O 10. O-O-O Nbc6 11. h4 Qc7 12. Nxc6 dxc6 13. Ng3 Qb6 14. Ne4 Nd5
15. Bg3 Be7 16. f4 c5 17. Bf2 Rad8 18. Kb1 Nxf4 19. Qc1 Rxd1 20. Qxd1 Bxe4 21.
Qg4 Rd8 22. Be3 Qa5 23. Bxf4 Qe1+ 24. Bc1 Rd1 25. Qf4 c4 26. Rh3 Bxc2+ 27. Kxc2
Qxf1 28. Rf3 Qe2+ 29. Bd2 f5 30. exf6 gxf6 31. Rg3+ Kf7 32. Qh6 Qxd2+ 33. Qxd2
Rxd2+ 34. Kxd2 e5 35. Re3 Ke6 36. g4 b4 37. Re4 Kd5 38. Ke3 Bc5+ {
White overlooked that he had 39.Kf3, saving the rook.} 0-1

[Event "Mechanics' Spring TNM; 30/90, SD/30"]
[Site "San Francisco"]
[Date "2013.04.30"]
[Round "7.38"]
[White "Rubandhas, Samprabhu"]
[Black "Starr, Albert"]
[Result "1/2-1/2"]
[WhiteElo "1333"]
[BlackElo "1570"]
[PlyCount "94"]
[EventDate "2013.??.??"]

1. e4 e5 2. Bc4 Nf6 3. Nc3 Nxe4 4. Bxf7+ Kxf7 5. Nxe4 Be7 6. Qf3+ Bf6 7. d3 Rf8
8. Bg5 Kg8 9. Nxf6+ gxf6 10. Bh6 Rf7 11. O-O-O Nc6 12. Ne2 d5 13. Qg3+ Kh8 14.
f4 Qg8 15. Qxg8+ Kxg8 16. Rdf1 Bg4 17. Ng3 Nd4 18. fxe5 fxe5 19. Rxf7 Kxf7 20.
Rf1+ Kg6 21. Bf8 Nf5 22. Nxf5 Bxf5 23. Bb4 a5 24. Bc3 d4 25. Bd2 a4 26. h3 Re8
27. g4 Bd7 28. Rg1 e4 29. dxe4 Rxe4 30. Rg3 c5 31. c3 dxc3 32. Rxc3 c4 33. Rf3
b5 34. Re3 Bc6 35. Rg3 h6 36. h4 Bd7 37. h5+ Kh7 38. g5 Rh4 39. gxh6 Rh1+ 40.
Kc2 Bf5+ 41. Kc3 Rh3 42. Rxh3 Bxh3 43. Kd4 Bg4 44. Kc5 Bd7 45. Kb4 Be8 46. b3
axb3 47. axb3 cxb3 1/2-1/2

[Event "Mechanics' Summer TNM; 30/90, SD/30"]
[Site "San Francisco"]
[Date "2013.06.18"]
[Round "4.41"]
[White "Rubandhas, Samprabhu"]
[Black "Yamamoto, Craig"]
[Result "1-0"]
[WhiteElo "1333"]
[BlackElo "1542"]
[PlyCount "41"]
[EventDate "2013.??.??"]

1. e4 Nf6 2. Nc3 e5 3. f4 d6 4. Bc4 c6 5. d3 b5 6. fxe5 bxc4 7. exf6 Qxf6 8.
Qf3 Be7 9. dxc4 Ba6 10. b3 Nd7 11. Bb2 Qxf3 12. Nxf3 O-O 13. O-O-O Ne5 14. Nxe5
dxe5 15. Rd7 Bf6 16. Rhd1 Bc8 17. Rc7 Bd8 18. Rxc6 Bb7 19. Rcd6 Bg5+ 20. Kb1
Be3 21. Nd5 {White is a pawn up with the better position but Black could still
have tried to struggle for a bit longer.} 1-0

[Event "Mechanics' Summer TNM; 30/90, SD/30"]
[Site "San Francisco"]
[Date "2013.06.11"]
[Round "3.22"]
[White "Rudyak, Felix"]
[Black "Hack, Richard"]
[Result "1-0"]
[WhiteElo "1946"]
[BlackElo "1633"]
[PlyCount "63"]
[EventDate "2013.??.??"]

1. d4 f5 2. g3 Nf6 3. Bg2 g6 4. Nf3 Bg7 5. O-O O-O 6. c4 d6 7. Nc3 Qe8 8. b3
Na6 9. Bb2 c6 10. a3 c5 11. dxc5 Nxc5 12. b4 Ne6 13. e3 Bd7 14. Qb3 Kh8 15.
Rad1 Bc6 16. c5 d5 17. b5 Bd7 18. Qb4 Rc8 19. Nxd5 Bxb5 20. Rfe1 Nxc5 21. Ne5
a5 22. Qh4 Nxd5 23. Bxd5 e6 24. Bg2 Bf6 25. Qh6 Bg7 26. Qf4 b6 27. Rd6 Na4 28.
Ba1 Rd8 29. Rxd8 Qxd8 30. Rb1 Qe8 31. Bd4 Bxe5 32. Qxe5+ 1-0

[Event "Mechanics' Spring TNM; 30/90, SD/30"]
[Site "San Francisco"]
[Date "2013.05.07"]
[Round "8.9"]
[White "Rudyak, Felix"]
[Black "Hua, Arnold"]
[Result "1-0"]
[WhiteElo "1968"]
[BlackElo "2000"]
[Annotator "Donaldson"]
[PlyCount "49"]
[EventDate "2013.??.??"]

1. d4 d5 2. c4 dxc4 3. Nf3 Nf6 4. e3 Bg4 5. Bxc4 e6 6. O-O (6. h3 Bh5 7. O-O
Nbd7 8. Nc3 Bd6 9. e4 e5 10. g4 Bg6 11. dxe5 Nxe5 12. Nxe5 Bxe5 13. f4 Qd4+ 14.
Qxd4 Bxd4+ 15. Kh2 Bxc3 16. bxc3 Bxe4 17. g5 Bd5 18. Re1+ Kf8 19. Ba3+ Kg8 20.
gxf6 Bxc4 21. Re7 h5 22. Rxc7 b5 23. Rg1 Rh6 24. Rxg7+ Kh8 25. Bc5 Rxf6 26. Rg5
$1 $146 (26. Rg2 {Inf 32/482}) 26... Rh6 $6 (26... Rxf4 27. Bd4+ Kh7 28. Rcc5
$16) (26... Kh7 27. Rxh5+ Rh6 28. Rxh6+ Kxh6 29. Bxa7 Bxa2 30. Bd4 $16) 27.
Bd4+ f6 28. Rf5 $6 (28. Rc6 $18) 28... Rf8 $2 (28... Kg8 $16) 29. Rxa7 $18 Rg6
30. Rxh5+ Kg8 31. f5 Rg5 32. Rxg5+ fxg5 33. Rg7+ Kh8 34. Rxg5+ Kh7 35. Rg7+ Kh6
36. f6 Bxa2 37. Be3+ Kh5 38. Rg5+ Kh6 (38... Kh4 39. Rf5) 39. Rg8+ {
1-0 Donaldson,J-Mosquito /ICC 2003}) 6... Nbd7 7. Nc3 Bd6 8. e4 e5 9. Qb3 O-O
10. Nxe5 Bxe5 11. dxe5 Nxe5 12. Bg5 c6 13. Be2 Bxe2 14. Nxe2 h6 15. Rad1 Qe7
16. Bh4 g5 17. Bg3 Nxe4 18. Rfe1 Nxg3 19. Nxg3 Rfd8 20. Nf5 Qc5 $6 (20... Qf6
21. Nxh6+ $2 Kg7) 21. Nxh6+ Kh7 $2 (21... Kg7 22. Nf5+ Kf6) 22. Nxf7 Rxd1 23.
Rxd1 Rf8 24. Nxg5+ Kh6 25. Ne4 1-0

[Event "Mechanics' Spring TNM; 30/90, SD/30"]
[Site "San Francisco"]
[Date "2013.04.09"]
[Round "4.19"]
[White "Rudyak, Felix"]
[Black "Morgan, Jerry"]
[Result "1-0"]
[WhiteElo "1968"]
[BlackElo "1464"]
[PlyCount "69"]
[EventDate "2013.??.??"]

1. d4 d5 2. c4 c6 3. Nf3 Nf6 4. Qc2 Bg4 5. Ne5 e6 6. e3 Bf5 7. Bd3 Bxd3 8. Qxd3
Bd6 9. f4 Ne4 10. O-O Nd7 11. Nd2 Ndf6 12. Ndf3 O-O 13. c5 Be7 14. b4 Qe8 15.
Rb1 b5 16. Bd2 h5 17. Ra1 Nh7 18. Qe2 f6 19. Nd3 g5 20. fxg5 Nhxg5 21. Be1 Qg6
22. Nf4 Qf7 23. Nxg5 Nxg5 24. Qxh5 Qxh5 25. Nxh5 f5 26. Nf4 Kf7 27. Nd3 Bf6 28.
Bh4 Ne4 29. Bxf6 Kxf6 30. Ne5 Rad8 31. Nxc6 Rd7 32. a4 Rh7 33. axb5 Rfh8 34.
Ne5 Kg7 35. Rxa7+ 1-0

[Event "Mechanics' Winter TNM; 30/90, SD/30"]
[Site "San Francisco"]
[Date "2013.02.19"]
[Round "7.9"]
[White "Rudyak, Felix"]
[Black "Traub, Igor"]
[Result "1-0"]
[WhiteElo "1956"]
[BlackElo "2112"]
[PlyCount "103"]
[EventDate "2013.??.??"]

1. d4 Nf6 2. c4 g6 3. f3 Bg7 4. e4 d6 5. Be3 Nbd7 6. Qd2 e5 7. Ne2 O-O 8. Nbc3
a6 9. dxe5 dxe5 10. O-O-O b5 11. c5 Bb7 12. g4 b4 13. Nb1 Bc6 14. g5 Nh5 15.
Bh3 f5 16. gxf6 Nhxf6 17. Qxb4 Qe7 18. Qc4+ Kh8 19. Nbc3 Rfb8 20. Rd2 Bf8 21.
b4 Bg7 22. Rhd1 Nf8 23. Rb2 Rb7 24. a4 Qe8 25. b5 Rab8 26. b6 a5 27. Nb5 Bxb5
28. Qxb5 cxb6 29. Qxe8 Rxe8 30. cxb6 h6 31. Rb5 N8d7 32. Rd6 Rc8+ 33. Kb2 Bf8
34. Bxd7 Nxd7 35. Rxg6 Kh7 36. Re6 Nc5 37. Bxc5 Rxc5 38. Nc3 Rxb5+ 39. axb5 Bc5
40. Na4 Bg1 41. Rc6 Rb8 42. h3 h5 43. Kc3 Rf8 44. b7 Rxf3+ 45. Kc4 Ba7 46. Rc8
Rf7 47. b8=Q Bxb8 48. Rxb8 Rf3 49. b6 Ra3 50. Nc3 a4 51. b7 Rb3 52. Nb5 1-0

[Event "Mechanics' Spring TNM; 30/90, SD/30"]
[Site "San Francisco"]
[Date "2013.04.23"]
[Round "6.8"]
[White "Rudyak, Felix"]
[Black "Watson, Farid Mark"]
[Result "0-1"]
[WhiteElo "1968"]
[BlackElo "2033"]
[PlyCount "118"]
[EventDate "2013.??.??"]

1. d4 Nf6 2. c4 e6 3. Nc3 Bb4 4. Nf3 b6 5. e3 O-O 6. Bd3 Bb7 7. O-O d6 8. Qc2
Bxc3 9. bxc3 Qe7 10. e4 e5 11. Bg5 h6 12. Bh4 Nc6 13. Bg3 g6 14. d5 Na5 15. Nd2
Nh5 16. f4 Nxg3 17. hxg3 f6 18. Nf3 g5 19. Kf2 Ba6 20. Qe2 Kg7 21. Rh1 Bc8 22.
f5 Rh8 23. Nh2 Bd7 24. Ng4 h5 25. Ne3 Be8 26. g4 h4 27. g3 hxg3+ 28. Kxg3 Bf7
29. Qg2 Rxh1 30. Rxh1 Rh8 31. Rxh8 Kxh8 32. Nf1 Be8 33. Qh2+ Qh7 34. Qxh7+ Kxh7
35. Kf3 Ba4 36. Be2 Bc2 37. Ke3 Bb1 38. a3 Nb3 39. Bd3 Ba2 40. Nd2 Na5 41. Ke2
Bb3 42. Ke3 Kg7 43. Ke2 Kf7 44. Ke3 Ke7 45. Kf3 Bd1+ 46. Be2 Bc2 47. Ke3 Bb3
48. Bd3 Kd7 49. c5 dxc5 50. Bb5+ Kd6 51. Be2 c4 52. Nf1 b5 53. Ng3 Nb7 54. Nh5
Ke7 55. Ng7 Nc5 56. Bf3 Bc2 57. Bg2 Bd1 58. Bh3 a5 59. Kd2 $2 (59. Ne6 Na4 60.
Kd2 Bf3 61. Nxc7 Bxe4 62. Nxb5 Bxd5 $19) 59... Nxe4+ 0-1